Smallholder rubber and swidden agriculture in Borneo: A sustainable adaptation to the ecology and economy of the tropical forest (Record no. 68769)

MARC details
000 -LEADER
fixed length control field 00515nam a2200169Ia 4500
100 ## - MAIN ENTRY--AUTHOR NAME
Personal name Dove Michael R
245 #0 - TITLE STATEMENT
Title Smallholder rubber and swidden agriculture in Borneo: A sustainable adaptation to the ecology and economy of the tropical forest
260 ## - PUBLICATION, DISTRIBUTION, ETC. (IMPRINT)
Name of publisher Economic Botany
Year of publication 1993
300 ## - PHYSICAL DESCRIPTION
Number of Pages 136-147
650 ## - SUBJECT ADDED ENTRY--TOPICAL TERM
Topical Term Ecofriendly
650 ## - SUBJECT ADDED ENTRY--TOPICAL TERM
Topical Term Hevea brasiliensis
650 ## - SUBJECT ADDED ENTRY--TOPICAL TERM
Topical Term Rubber
650 ## - SUBJECT ADDED ENTRY--TOPICAL TERM
Topical Term Smallholder
650 ## - SUBJECT ADDED ENTRY--TOPICAL TERM
Topical Term Swidden agriculture
942 ## - ADDED ENTRY ELEMENTS (KOHA)
Koha item type Journals
Holdings
Withdrawn status Lost status Damaged status Not for loan Home library Current library Shelving location Date acquired Serial Enumeration / chronology Koha item type
      Journals RRII Library RRII Library Rubber general 17/12/2021 Volume 47, Issue 2 Journals